书目信息 |
| 题名: |
工业会计
|
|
| 作者: | ;工业会计教材编写组 编著 | |
| 分册: | ||
| 出版信息: | 北京 中国财政经济出版社 1987 |
|
| 页数: | 438页 | |
| 开本: | 18cm | |
| 丛书名: | ||
| 单 册: | ||
| 中图分类: | F2-43 | |
| 科图分类: | ||
| 主题词: | ||
| 电子资源: | ||
| ISBN: | 7-5005-0137-4 | |
| 000 | 00624nam0 2200217 450 | |
| 001 | 100903161912.0 | |
| 005 | 20101105175740.0 | |
| 010 | @a7-5005-0137-4@dCNY2.05 | |
| 011 | @a7-5005-0137-4 | |
| 100 | @a20010704d ekmy0chiy0121 ea | |
| 101 | 0 | @achi |
| 102 | @aCN@b110000 | |
| 105 | @ay z 000yy | |
| 106 | @ar | |
| 200 | 1 | @a工业会计@9Gong Ye Hui;Kuai Ji @f工业会计教材编写组编著 |
| 210 | @a北京@c中国财政经济出版社@d1987 | |
| 215 | @a438页@d18cm | |
| 690 | @aF2-43@v3 | |
| 711 | 02 | @a工业会计教材编写组@9Gong Ye Kuai Ji Jiao Cai Bian Xie Zu@4编著 |
| 801 | 0 | @aCN@bAzMarc@c20130904 |
| 905 | @aBZT@dF2-43@e2@f2@sF2-43/2 | |
| 工业会计/工业会计教材编写组编著.-北京:中国财政经济出版社,1987 |
| 438页;18cm |
| ISBN 7-5005-0137-4:CNY2.05 |
| ● |
| 相关链接 |
|
|
|
正题名:工业会计
索取号:F2-43/2
 
预约/预借
| 序号 | 登录号 | 条形码 | 馆藏地/架位号 | 状态 | 备注 |
| 1 | 2000040987 | 2000040987 | 旧书回溯/ [索取号:F2-43/2] | 在馆 | |
| 2 | 2000040988 | 2000040988 | 旧书回溯/ [索取号:F2-43/2] | 在馆 |